| 000 | 00436nam a2200169Ia 4500 | ||
|---|---|---|---|
| 008 | 230718s9999 xx 000 0 und d | ||
| 020 | _a9781784979546 | ||
| 041 | _aeng | ||
| 082 |
_a813.6 _bSTA |
||
| 100 |
_aStabenow D. _9201133 |
||
| 245 | _aSilk And Song | ||
| 260 |
_c2018 _bHead Zeus |
||
| 300 | _a723 | ||
| 365 |
_cRs. _b499.00 |
||
| 700 |
_aStabenow D. _9201133 |
||
| 906 |
_dO:0613019-Sep-2018B:461714-Aug-2018 _cGENRL _b109.78 |
||
| 999 |
_c348536 _d348536 |
||